000 00451nam a22001697a 4500
005 20260331152922.0
008 260331b |||||||| |||| 00| 0 eng d
020 _a978-93-5465-506-7
050 _aRC 963.M66 2023
100 _aJYOTIRMOY PAL
245 _aMONOGRAPH ON TROPICAL FEVER
260 _aNEW DELHI
_bJAYBEE BROTHERS
_c2023
300 _aX,264
500 _aINCLUDES AN INDEX
650 _aTropical medicine diseases
942 _2lcc
_cBK
999 _c216906
_d216906